000 00530nam a2200181 a 4500
001 000028128
005 20200930031355.0
008 110406s2001 dr 000 0 spa d
040 _aDO-SdBNP
_bspa
_cBNPHU
082 _axxx
_bC836d
100 1 _aCossy, Mirelle
_955132
245 1 0 _aDiplomacia económica multilateral /
_cMirelle Cossy.
260 _aSanto D omingo :
_bEditora Gente,
_c2001.
300 _a23 p. ;
_c21 cm.
490 1 _aCursos especializados
_v5
830 0 _aCursos especializados ;
_v5
_955133
049 _aBNPD
999 _c27620
_d27620